<?xml version="1.0" encoding="UTF-8"?>
<marc:record xmlns:marc="http://www.loc.gov/MARC21/slim">
   <marc:leader>00000nam a2200000 a 4500</marc:leader>
   <marc:datafield ind1="0" ind2="0" tag="245">
      <marc:subfield code="a">Die drei Musketiere</marc:subfield>
   </marc:datafield>
   <marc:datafield ind1=" " ind2="1" tag="264">
      <marc:subfield code="b">Golden Films</marc:subfield>
      <marc:subfield code="c">2008</marc:subfield>
   </marc:datafield>
   <marc:datafield ind1="1" ind2=" " tag="490">
      <marc:subfield code="a">Sieben auf einen Streich</marc:subfield>
   </marc:datafield>
   <marc:datafield ind1="1" ind2=" " tag="520">
      <marc:subfield code="a">Vor langer Zeit gab es in der Armee des Königs von Frankreich drei junge Männer, die sich von allen anderen unterschieden. Sie zeichneten sich nicht nur durch ihren Wagemut und ihr Ehrgefühl, sondern auch durch ihre unerschütterliche Treue aus. Zu ihrem König und zu ihren Kameraden. Seite an Seite kämpften die unzertrennlichen Freunde für Freiheit und Gerechtigkeit. Bald waren sie im ganzen Land berühmt für ihre Heldentaten und ihre unglaublichen Abenteuer...</marc:subfield>
   </marc:datafield>
   <marc:datafield ind1=" " ind2=" " tag="020">
      <marc:subfield code="a">B001CWBXKQ</marc:subfield>
      <marc:subfield code="9">B001CWBXKQ</marc:subfield>
   </marc:datafield>
   <marc:datafield ind1="0" ind2=" " tag="490">
      <marc:subfield code="v">0</marc:subfield>
   </marc:datafield>
</marc:record>
